Transgovernance : Advancing Sustainability Governance.

This book offers a new context for the sustainability governance debate, transforming classical questions into new options for societal decision making and identifying starting points and strategies for effective governance of transitions to sustainability.

Bibliographic Details
Main Author: Meuleman, Louis.
Format: eBook
Language:English
Published: Berlin, Heidelberg : Springer Berlin / Heidelberg, 2012.
Edition:1st ed.
Subjects:
Online Access:Click to View
LEADER 02068nam a22003973i 4500
001 EBC6422541
003 MiAaPQ
005 20231204023215.0
006 m o d |
007 cr cnu||||||||
008 231204s2012 xx o ||||0 eng d
020 |a 9783642280092  |q (electronic bk.) 
020 |z 9783642280085 
035 |a (MiAaPQ)EBC6422541 
035 |a (Au-PeEL)EBL6422541 
035 |a (OCoLC)1231610108 
040 |a MiAaPQ  |b eng  |e rda  |e pn  |c MiAaPQ  |d MiAaPQ 
050 4 |a JA1-92 
082 0 |a 338.927 
100 1 |a Meuleman, Louis. 
245 1 0 |a Transgovernance :  |b Advancing Sustainability Governance. 
250 |a 1st ed. 
264 1 |a Berlin, Heidelberg :  |b Springer Berlin / Heidelberg,  |c 2012. 
264 4 |c Ã2013. 
300 |a 1 online resource (335 pages) 
336 |a text  |b txt  |2 rdacontent 
337 |a computer  |b c  |2 rdamedia 
338 |a online resource  |b cr  |2 rdacarrier 
505 0 |a Intro -- Transgovernance -- Advancing Sustainability Governance -- Foreword -- Acknowledgements -- Contents -- Introduction: Transgovernance -- Part 1: Reflections on Sustainability Governance -- Part 2: Sustainability Governance: Topical Themes -- About the Authors -- Author Index -- Subject Index. 
520 |a This book offers a new context for the sustainability governance debate, transforming classical questions into new options for societal decision making and identifying starting points and strategies for effective governance of transitions to sustainability. 
588 |a Description based on publisher supplied metadata and other sources. 
590 |a Electronic reproduction. Ann Arbor, Michigan : ProQuest Ebook Central, 2023. Available via World Wide Web. Access may be limited to ProQuest Ebook Central affiliated libraries.  
655 4 |a Electronic books. 
776 0 8 |i Print version:  |a Meuleman, Louis  |t Transgovernance  |d Berlin, Heidelberg : Springer Berlin / Heidelberg,c2012  |z 9783642280085 
797 2 |a ProQuest (Firm) 
856 4 0 |u https://ebookcentral.proquest.com/lib/matrademy/detail.action?docID=6422541  |z Click to View